Muḥāḍarāt ʻan al-qānūn al-madanī al-ʻIrāqī, (Record no. 45643)

MARC details
000 -LEADER
fixed length control field 00901cam a22002411 4500
001 - CONTROL NUMBER
control field ne 63000447
003 - CONTROL NUMBER IDENTIFIER
control field DLC
005 - DATE AND TIME OF LATEST TRANSACTION
control field 20260227111742.0
008 - FIXED-LENGTH DATA ELEMENTS--GENERAL INFORMATION
fixed length control field 890320s1961 ua b 000 0 ara c
010 ## - LIBRARY OF CONGRESS CONTROL NUMBER
LC control number ne 63000447
025 ## - OVERSEAS ACQUISITION NUMBER
Overseas acquisition number PL480:UAR-993
035 ## - SYSTEM CONTROL NUMBER
System control number (OCoLC)19403063
040 ## - CATALOGING SOURCE
Original cataloging agency Princeton Univ. Libr.
Transcribing agency WaU
Modifying agency WaU
-- DLC
042 ## - AUTHENTICATION CODE
Authentication code premarc
043 ## - GEOGRAPHIC AREA CODE
Geographic area code a-iq---
050 00 - LIBRARY OF CONGRESS CALL NUMBER
Classification number KMJ654
Item number .N34 1961
100 1# - MAIN ENTRY--PERSONAL NAME
Personal name Nāhī, Ṣalāḥ al-Dīn ʻAbd al-Laṭīf.
245 10 - TITLE STATEMENT
Title Muḥāḍarāt ʻan al-qānūn al-madanī al-ʻIrāqī,
Remainder of title ḥaqq al-milkīyah fī dhātihi,
Statement of responsibility, etc. alqāhā Ṣalāḥ al-Dīn al-Nāhī ʻalá ṭalibah Qism al-dirāsāt al-Qānūnīyah, 1960.
260 ## - PUBLICATION, DISTRIBUTION, ETC.
Place of publication, distribution, etc. [al-Qāhirah]
Name of publisher, distributor, etc. Jāmiʻat al-Duwal al-ʻArabīyah, Maʻhad al-Dirāsāt al-ʻArabīyah al-ʻĀliyah,
Date of publication, distribution, etc. 1961.
300 ## - PHYSICAL DESCRIPTION
Extent 303 p.
Dimensions 24 cm.
504 ## - BIBLIOGRAPHY, ETC. NOTE
Bibliography, etc. note Bibliography: p. [287]-290.
650 #0 - SUBJECT ADDED ENTRY--TOPICAL TERM
Topical term or geographic name entry element Property
Geographic subdivision Iraq.

No items available.

Powered by Koha